Catálogo
 En Linea

Estudios de linguistica aplicada a la ensenanza de la lengua materna : (Registro nro. 11466)

Detalles MARC
000 -CABECERA
campo de control de longitud fija 01107nam a2200277 a 4500
001 - NÚMERO DE CONTROL
campo de control 000011792
005 - FECHA Y HORA DE LA ÚLTIMA TRANSACCIÓN
campo de control 20200929162551.0
008 - DATOS DE LONGITUD FIJA--INFORMACIÓN GENERAL
campo de control de longitud fija 950503s1994 ve a b 000 0 spa
010 ## - NÚMERO DE CONTROL DE LA BIBLIOTECA DEL CONGRESO
Número de control de LC 95148490
020 ## - NÚMERO INTERNACIONAL ESTÁNDAR DEL LIBRO
Número Internacional Estándar del Libro 9803250876
040 ## - FUENTE DE LA CATALOGACIÓN
Centro catalogador/agencia de origen DO-SdBNP
Centro/agencia transcriptor DLC
043 ## - CÓDIGO DE ÁREA GEOGRÁFICA
Código de área geográfica s-ve---
050 00 - SIGNATURA TOPOGRÁFICA DE LA BIBLIOTECA DEL CONGRESO
Número de clasificación PC4068.V4
Número de documento/Ítem E69 1994
082 00 - NÚMERO DE LA CLASIFICACIÓN DECIMAL DEWEY
Número de clasificación 468/.007/087
Número de edición 20
245 00 - MENCIÓN DE TÍTULO
Título Estudios de linguistica aplicada a la ensenanza de la lengua materna :
Resto del título homenaje a Minelia Villalba de Ledezma y Nellys Pinto de Escalona /
Mención de responsabilidad, etc. compilador, Cesar Villegas.
250 ## - MENCIÓN DE EDICIÓN
Mención de edición 1a ed.
260 ## - PUBLICACIÓN, DISTRIBUCIÓN, ETC.
Lugar de publicación, distribución, etc. Caracas, Venezuela :
Nombre del editor, distribuidor, etc. Asociacion Venezolana para la Ensenanza del Espanol como Lengua Extranjera,
Fecha de publicación, distribución, etc. 1994.
300 ## - DESCRIPCIÓN FÍSICA
Extensión 246 p. :
Otras características físicas ill. ;
Dimensiones 24 cm.
504 ## - NOTA DE BIBLIOGRAFÍA, ETC.
Nota de bibliografía, etc. Includes bibliographical references.
650 #0 - PUNTO DE ACCESO ADICIONAL DE MATERIA--TÉRMINO DE MATERIA
Término de materia o nombre geográfico como elemento de entrada Spanish language
Subdivisión general Study and teaching
Subdivisión geográfica Venezuela.
9 (RLIN) 27903
700 1# - PUNTO DE ACCESO ADICIONAL--NOMBRE DE PERSONA
Nombre de persona Ledezma, Minelia de.
9 (RLIN) 27904
700 2# - PUNTO DE ACCESO ADICIONAL--NOMBRE DE PERSONA
Nombre de persona Pinto de Escalona, Nellys.
9 (RLIN) 27905
700 1# - PUNTO DE ACCESO ADICIONAL--NOMBRE DE PERSONA
Nombre de persona Villegas, Cesar.
9 (RLIN) 27906
710 2# - PUNTO DE ACCESO ADICIONAL--NOMBRE DE ENTIDAD CORPORATIVA
Nombre de entidad corporativa o nombre de jurisdicción como elemento de entrada Asociacion Venezolana para la Ensenanza del Espanol como Lengua Extranjera.
9 (RLIN) 27907
910 ## - DATOS DE OPCIÓN DEL USUARIO (OCLC)
Datos de opción del usuario Catalogación por copia / LC
Existencias
Estado de retiro Estado de pérdida Restricciones de uso No para préstamo Código de colección Localización permanente Ubicación/localización actual Ubicación en estantería Fecha de adquisición Número de inventario Total de préstamos Signatura topográfica completa Código de barras Fecha visto por última vez Precio válido a partir de Tipo de ítem Koha
    Préstamo interno   Monografías: Libros y Folletos General General En catalogación 27.10.2009 LF1   468/.007/087 11792-10 25.06.2020 25.06.2020 Préstamo interno

Con tecnología Koha